Slobodný človek

Bibliographic Details
Main Authors: Kubínyi, Peter, 1961-1 (Author, Interviewer), Vančura, Tomáš, 1962- (Author)
Format: Article
Language:Slovak
PhysicalDescription:Fotogr.
ISSN:1337-219X
Subjects:

MARC

LEADER 00000nab a2200000 ar4500
001 vtls009458621
003 SK-MaSNL
005 20260304234021.0
008 090107c2008 xo mr|p|||||||000 b|slo
015 |a SNBRB2009/01  |2 snkbucl 
038 |a SNKBUCL 
040 |a SNKBUCL  |b slo  |c SNKBUCL  |e AACR2 
041 0 |a slo 
044 |a xo  |c SK 
080 |a 502.17-051  |2 1997 
100 1 |a Kubínyi, Peter,  |d 1961-1  |4 aut  |4 ivr  |9 114639 
245 1 0 |a Slobodný človek  |c Peter Kubínyi, Tomáš Vančura 
300 |b Fotogr. 
600 1 7 |a Vančura, Tomáš,  |d 1962-  |2 snkbucl  |9 13164 
700 1 |a Vančura, Tomáš,  |d 1962-  |4 aut  |4 ive  |9 13164 
773 0 |t Žurnál  |g Roč. II, č. 51-52 (2008), s. 46-48  |x 1337-219X 
852 |a SNK  |b KIS3GCP 
958 |a BX 
999 |c 3201539  |d 3203469